<?xml version="1.0" encoding="UTF-8"?>
<record
    xmlns:xsi="http://www.w3.org/2001/XMLSchema-instance"
    xsi:schemaLocation="http://www.loc.gov/MARC21/slim http://www.loc.gov/standards/marcxml/schema/MARC21slim.xsd"
    xmlns="http://www.loc.gov/MARC21/slim">

  <leader>01050    a2200217   4500</leader>
  <controlfield tag="005">20080829151553.0</controlfield>
  <controlfield tag="008">080829t        xxu||||| |||| 00| 0 hin d</controlfield>
  <datafield tag="010" ind1=" " ind2=" ">
    <subfield code="a">HIN-82726</subfield>
  </datafield>
  <datafield tag="020" ind1=" " ind2=" ">
    <subfield code="a">8190231456</subfield>
    <subfield code="c">120.00</subfield>
  </datafield>
  <datafield tag="035" ind1=" " ind2=" ">
    <subfield code="a">HN-55072</subfield>
  </datafield>
  <datafield tag="037" ind1=" " ind2=" ">
    <subfield code="b">&#x92A;&#x941;.&#x92A;&#x94D;&#x930;.&#x905;.&#x92A;&#x94D;&#x930;/&#x92A;&#x94D;&#x930;&#x915;&#x93E;</subfield>
  </datafield>
  <datafield tag="082" ind1=" " ind2=" ">
    <subfield code="a">158.1</subfield>
  </datafield>
  <datafield tag="100" ind1=" " ind2=" ">
    <subfield code="a">&#x91C;&#x93C;&#x930;&#x94D;&#x930;&#x93E;</subfield>
  </datafield>
  <datafield tag="245" ind1=" " ind2=" ">
    <subfield code="a">&#x938;&#x92B;&#x93C;&#x932;&#x924;&#x93E; &#x915;&#x947; &#x932;&#x93F;&#x90F; &#x938;&#x939;&#x940; &#x938;&#x94B;&#x91A; /</subfield>
    <subfield code="c">&#x91C;&#x93C;&#x930;&#x94D;&#x930;&#x93E;</subfield>
  </datafield>
  <datafield tag="246" ind1=" " ind2=" ">
    <subfield code="a">Safalta ke liye sahi soch</subfield>
    <subfield code="b">by Zarra</subfield>
  </datafield>
  <datafield tag="260" ind1=" " ind2=" ">
    <subfield code="a">&#x915;&#x93E;&#x928;&#x92A;&#x941;&#x930;</subfield>
    <subfield code="b">&#x938;&#x92E;&#x924;&#x93E; &#x92A;&#x94D;&#x930;&#x915;&#x93E;&#x936;&#x928;</subfield>
    <subfield code="c">2007</subfield>
  </datafield>
  <datafield tag="270" ind1=" " ind2=" ">
    <subfield code="a">6, &#x936;&#x93E;&#x938;&#x94D;&#x924;&#x94D;&#x930;&#x940;&#x928;&#x917;&#x930;, &#x930;&#x942;&#x92A;&#x93E;</subfield>
    <subfield code="b">&#x915;&#x93E;&#x928;&#x92A;&#x941;&#x930;</subfield>
    <subfield code="e">209303</subfield>
    <subfield code="k">&#x92E;&#x94B;. 9450139012</subfield>
  </datafield>
  <datafield tag="300" ind1=" " ind2=" ">
    <subfield code="a">120&#x92A;&#x943;</subfield>
    <subfield code="c">22 &#x938;&#x947;&#x92E;&#x940; (&#x938;&#x91C;&#x93F;&#x932;&#x94D;&#x926;)</subfield>
  </datafield>
  <datafield tag="942" ind1=" " ind2=" ">
    <subfield code="a">dpl</subfield>
    <subfield code="k">158.1 / &#x91C;&#x93C;&#x930;&#x94D;&#x930;&#x93E;&#x938;</subfield>
    <subfield code="c">HN</subfield>
    <subfield code="2">ddc</subfield>
    <subfield code="h">158.1</subfield>
    <subfield code="m">&#x91C;&#x93C;&#x930;&#x94D;&#x930;&#x93E;&#x938;</subfield>
  </datafield>
  <datafield tag="999" ind1=" " ind2=" ">
    <subfield code="c">10935</subfield>
    <subfield code="d">10935</subfield>
  </datafield>
  <datafield tag="952" ind1=" " ind2=" ">
    <subfield code="0">0</subfield>
    <subfield code="1">0</subfield>
    <subfield code="4">0</subfield>
    <subfield code="7">0</subfield>
    <subfield code="a">DBAD</subfield>
    <subfield code="b">DBAD</subfield>
    <subfield code="d">0000-00-00</subfield>
    <subfield code="g">120.00</subfield>
    <subfield code="l">0</subfield>
    <subfield code="o">158.1 &#x91C;&#x93C;&#x930;&#x94D;&#x930;&#x93E;&#x938;</subfield>
    <subfield code="p">HN-55072</subfield>
    <subfield code="r">2008-09-15 00:00:00</subfield>
    <subfield code="t">1</subfield>
    <subfield code="u">12036</subfield>
    <subfield code="v">120.00</subfield>
    <subfield code="w">2008-09-15</subfield>
    <subfield code="y">HN</subfield>
  </datafield>
</record>
